Mordern business statistics: with mocrosoft office Excel. / (Record no. 5332)
[ view plain ]
| 000 -LEADER | |
|---|---|
| fixed length control field | 01212nam a22001697a 4500 |
| 008 - FIXED-LENGTH DATA ELEMENTS--GENERAL INFORMATION | |
| fixed length control field | 150130b xxu||||| |||| 00| 0 eng d |
| 020 ## - INTERNATIONAL STANDARD BOOK NUMBER | |
| International Standard Book Number | 139780324598292 |
| 050 ## - LIBRARY OF CONGRESS CALL NUMBER | |
| Classification number | HF1017.A533 |
| 100 ## - MAIN ENTRY--PERSONAL NAME | |
| Personal name | Anderson, David R. |
| 245 ## - TITLE STATEMENT | |
| Title | Mordern business statistics: with mocrosoft office Excel. / |
| Statement of responsibility, etc. | David R.Anderson |
| 250 ## - EDITION STATEMENT | |
| Edition statement | 3ed. |
| 260 ## - PUBLICATION, DISTRIBUTION, ETC. | |
| Place of publication, distribution, etc. | U.S.A: |
| Name of publisher, distributor, etc. | South-Western Cengage Learning, |
| Date of publication, distribution, etc. | 2009. |
| 300 ## - PHYSICAL DESCRIPTION | |
| Extent | xxviii,940p.: |
| Dimensions | 24cm. |
| 500 ## - GENERAL NOTE | |
| General note | Includes index and appendix. |
| 505 ## - FORMATTED CONTENTS NOTE | |
| Formatted contents note | Contents: Data and statistics -- Descriptive statistics: Tabular and graphical presentation -- Descriptive statistics: Numerical measures -- Introduction to probability -- Discrete probability distributions -- Continuous probability distributions -- Sampling and sampling distributions -- Interval estimation -- Hypothesis tests -- Statistical inference about means and proportions with two populations -- Inferences about population variances -- Tests of goodness of fit and independence -- Experimental design and analysis of variance -- Simple linear regression -- Multiple regression -- Regression -- Regression analysis: Model building -- Nonparametric methods -- Statistical methods for quality control. |
| 942 ## - ADDED ENTRY ELEMENTS (KOHA) | |
| Source of classification or shelving scheme | Library of Congress Classification |
| Koha item type | Books |
| Withdrawn status | Lost status | Source of classification or shelving scheme | Damaged status | Not for loan | Home library | Current library | Shelving location | Date acquired | Total Checkouts | Full call number | Barcode | Date last seen | Copy number | Price effective from | Koha item type |
|---|---|---|---|---|---|---|---|---|---|---|---|---|---|---|---|
| Library of Congress Classification | WISCONSIN INTERNATIONAL UNIVERSITY COLLEGE, GHANA - MAIN LIBRARY | WISCONSIN INTERNATIONAL UNIVERSITY COLLEGE, GHANA - MAIN LIBRARY | Reference | 30/01/2015 | HF1017.A533 | 7518/546/13 | 30/01/2015 | 1 | 30/01/2015 | Books |
